000 00385nam a22001577a 4500
020 _a0321084497
050 _aHB 172.5
_b.R9 2001
100 _aRuffin Roy
245 _aPrinciples of Microeconomics
250 _a7th ed.
260 _aNewyork:
_bAddison Wesley,
_c2001.
300 _a266p.
650 _bmicroeconomics
_xmicroeconomics
700 _aPaul R.Gregory
942 _2lcc
_cGEN
999 _c8105
_d8105